Learning Resource and Development

Issues in finance : (Record no. 32347)

MARC details
000 -LEADER
fixed length control field 03041nam a2200301 i 4500
003 - CONTROL NUMBER IDENTIFIER
control field CSPC
005 - DATE AND TIME OF LATEST TRANSACTION
control field 20260421135219.0
008 - FIXED-LENGTH DATA ELEMENTS--GENERAL INFORMATION
fixed length control field 260421s2022 ii b 001 0 eng d
020 ## - INTERNATIONAL STANDARD BOOK NUMBER
International Standard Book Number 9789390780747
040 ## - CATALOGING SOURCE
Original cataloging agency CSPC
Language of cataloging eng
Transcribing agency CSPC
Description conventions rda
050 00 - LIBRARY OF CONGRESS CALL NUMBER
Classification number HG173
Item number .I878 2022
082 00 - DEWEY DECIMAL CLASSIFICATION NUMBER
Edition number 22
Classification number 339.52
Item number Is75
245 00 - TITLE STATEMENT
Title Issues in finance :
Remainder of title credit, crises and policies /
Statement of responsibility, etc. edited by Anoop Pant.
264 #1 - PRODUCTION, PUBLICATION, DISTRIBUTION, MANUFACTURE, AND COPYRIGHT NOTICE
Place of production, publication, distribution, manufacture New Delhi, India :
Name of producer, publisher, distributor, manufacturer Random Publications LLP,
Date of production, publication, distribution, manufacture, or copyright notice 2022.
300 ## - PHYSICAL DESCRIPTION
Extent viii, 272 pages ;
Dimensions 24 cm.
336 ## - CONTENT TYPE
Source rdacontent
Content type term text
337 ## - MEDIA TYPE
Source rdamedia
Media type term unmediated
338 ## - CARRIER TYPE
Source rdacarrier
Carrier type term volume
504 ## - BIBLIOGRAPHY, ETC. NOTE
Bibliography, etc. note Includes bibliographical references and index.
505 0# - FORMATTED CONTENTS NOTE
Formatted contents note Financial management -- Monetary and credit development -- Financial products from market indexes -- Financial markets -- Instruments of credit risk management -- Assigning regulatory credit classifications -- Mitigating credit risk -- Trade credit -- Financing enterprises -- Source of finance -- Finance: accounting for decisions -- Currency risks -- Financial instruments -- Fiscal policy -- Ethical issues in financial management -- RBI credit policy.
520 ## - SUMMARY, ETC.
Summary, etc. "As watchdogs of public finances, the public auditors act as critical links in enforcing the accountability of executive agencies to national and state legislatures and through them to the general public. The public sector auditor reviews financial management of public sector entities to ensure that transactions have been undertaken with due regard to propriety and regularity. Recently, several pubic auditors have also assumed responsibility for assessing value for money considerations in public projects and programs in recent years. Finance is the science of funds management. The general areas of finance are business finance, personal finance, and public finance. Finance includes saving money and often includes lending money. The field of finance deals with the concepts of time, money, risk and how they are interrelated. It also deals with how money is spent and budgeted. One facet of finance is through individuals and business organizations, which deposit money in a bank. The bank then lends the money out to other individuals or corporations for consumption or investment and charges interest on the loans. Credit does not necessarily require money. The credit concept can be applied in barter economies as well, based on the direct exchange of goods and services. However, in modern societies credit is usually denominated by a unit of account. Unlike money, credit itself cannot act as unit of account. The book is useful to the students of commerce, economics and management. Policy makers in banking and financial sector will also enlarge their knowledge"-- Back cover.
650 #0 - SUBJECT ADDED ENTRY--TOPICAL TERM
Topical term or geographic name entry element Finance.
650 #0 - SUBJECT ADDED ENTRY--TOPICAL TERM
Topical term or geographic name entry element Economic policy.
650 #0 - SUBJECT ADDED ENTRY--TOPICAL TERM
Topical term or geographic name entry element Financial crises.
700 1# - ADDED ENTRY--PERSONAL NAME
Personal name Pant, Anoop,
Relator term editor.
942 ## - ADDED ENTRY ELEMENTS (KOHA)
Source of classification or shelving scheme Dewey Decimal Classification
Suppress in OPAC No
Koha item type Books
Edition 22
Classification part 339.52
Item part Is75
Call number prefix CIR
Call number suffix 2022
Holdings
Withdrawn status Lost status Source of classification or shelving scheme Damaged status Not for loan Home library Current library Shelving location Date acquired Total Checkouts Full call number Barcode Date last seen Copy number Price effective from Koha item type
    Dewey Decimal Classification     Main Library Main Library Circulation Section 04/21/2026   CIR 339.52 Is75 2022 031689 04/21/2026 1-1 04/21/2026 Books